Rethinking world history : essays on Europe, Islam, and world history

Αποθηκεύτηκε σε:
Λεπτομέρειες βιβλιογραφικής εγγραφής
Κύριος συγγραφέας: Hodgson, Marshall G. S.
Άλλοι συγγραφείς: Burke, Edmund, 1940- (Επιμελητής έκδοσης, Συγγραφέας εισαγωγής κ.λπ.)
Μορφή: Βιβλίο
Γλώσσα:English
Δημοσίευση: Cambridge [England] : Cambridge University Press, 1993
Σειρά:Studies in comparative world history
Θέματα:
Ετικέτες: Προσθήκη ετικέτας
Δεν υπάρχουν, Καταχωρήστε ετικέτα πρώτοι!

MARC

LEADER 00000nam a2200000 i 4500
001 1/88562
008 080611s1993 eng d
020 |a 978-0-521-43844-5 (pbk.) 
020 |a 0-521-43844-6 (pbk.) 
035 |l 10098142 
040 |a GR-MY-UA  |b gre  |e aacr 
041 0 |a eng 
082 0 |a 909  |2 (22) 
100 1 |a Hodgson, Marshall G. S. 
245 1 0 |a Rethinking world history :  |b essays on Europe, Islam, and world history /  |c Marshall G.S. Hodgson ; edited, with an introduction and conclusion by Edmund Burke, III 
260 |a Cambridge [England] :   |b Cambridge University Press,   |c 1993 
300 |a xxi, 328 σ.;  |c 23 εκ. 
490 1 |a Studies in comparative world history 
650 0 0 |a World history. 
650 0 0 |a Civilization, Islamic  |x Western influences. 
650 0 0 |a History  |x Philosophy. 
651 0 |a Europe  |x Civilization  |x Islamic influences. 
700 1 |a Burke, Edmund,   |d 1940-  |4 edt  |4 aui 
830 0 |a Studies in comparative world history 
852 |a INST  |b LESVOS  |e 20080611  |h 909 HOD  |p 005100042286  |q 005100042286  |t BK  |y 0 
901 |a BIBL1-2008-2 
909 |a Λ  |b 145046 
922 |a 1ΕΛΗ  |b 200801  |c ΕΠΕΑΕΚ2/ΤΚΑ  |d ΕΛΕΥΘΕΡΟΥΔΑΚΗΣ 
970 |a ΓΙΑΛΑΜΑ  |b ΜΑΡΙΑ  |z 2008/06/11